Klinická logopedie u dětí Základy nového pojetí vývoje jazyka, řeči a polykání

Saved in:
Bibliographic Details
Main Author Richtrová, Barbora
Other Authors Hana Nestávalová, Zuzana Korandová
Format Electronic eBook
LanguageCzech
Published Grada 2026
Edition1. elektronické vydání
Subjects
Online AccessDostupné v BOOKPORT po přihlášení pomocí eduID
ISBN978-80-247-9512-6
978-80-271-6015-0
Physical Description1 online zdroj (208 stran)

Cover

LEADER 00000nam a2200000 i 4500
001 bkp15143
003 CZ-prgp
005 20260407112622.0
006 m o d
007 cr cn
008 260407s2026 xr o 000 0 cze
020 |a 978-80-247-9512-6  |c 356 Kč  |q (online ; pdf) 
020 |a 978-80-271-6015-0  |c 426 Kč  |q (print) 
040 |a Grada  |b cze  |e rda 
100 1 |a Richtrová, Barbora 
245 1 0 |a Klinická logopedie u dětí  |b Základy nového pojetí vývoje jazyka, řeči a polykání  |c Barbora Richtrová, Hana Nestávalová, Zuzana Korandová 
250 |a 1. elektronické vydání 
264 1 |b Grada  |c 2026 
300 |a 1 online zdroj (208 stran) 
336 |a text  |b txt  |2 rdacontent 
337 |a počítač  |b c  |2 rdamedia 
338 |a online zdroj  |b cr  |2 rdacarrier 
520 3 |a Publikace shrnuje současné poznatky v moderním oboru klinické logopedie. Zaměřuje se na poruchy jazyka a řeči a věnuje se také obtížím v příjmu potravy a polykání u dětí. 
650 0 4 |a Logopedie 
700 1 |a Hana Nestávalová 
700 1 |a Zuzana Korandová 
856 4 0 |u https://www.bookport.cz/AccountSaml/SignIn/?idp=https://shibboleth.utb.cz/idp/shibboleth&returnUrl=/kniha/klinicka-logopedie-u-deti-15902/  |y Dostupné v BOOKPORT po přihlášení pomocí eduID